[Event "POL-ch blitz"]
[Site "Suwalki"]
[Date "2022.09.24"]
[Round "4"]
[White "Barglowski, Filip"]
[Black "Basiaga, Sebastian"]
[Result "1-0"]
[WhiteElo "2321"]
[BlackElo "1826"]
[PlyCount "53"]
[EventDate "2022.09.24"]
[EventType "swiss (blitz)"]
[EventRounds "15"]
[EventCountry "POL"]
[SourceTitle "CBM 210 Extra"]
[Source "ChessBase"]
[SourceDate "2022.11.30"]
[SourceVersion "1"]
[SourceVersionDate "2022.11.30"]
[SourceQuality "1"]

1. e4 e5 2. Nf3 Nc6 3. Bc4 Bc5 4. 0-0 Nf6 5. d4 Bxd4 6. Nxd4 Nxd4 7. f4 d6 8. fxe5 dxe5 9. Bg5 Be6 10. Na3 Qe7 11. c3 Nc6 12. b4 h6 13. Bxf6 gxf6 14. Qd2 Rd8 15. Qf2 a6 16. Bxe6 Qxe6 17. Nc2 Rg8 18. Ne3 Ne7 19. Rad1 Rxd1 20. Rxd1 Rg5 21. Qd2 Kf8 22. Qd8+ Kg7 23. Qxc7 Qh3 24. Re1 Kf8 25. Qd8+ Kg7 26. Qxe7 Rxg2+ 27. Nxg2 1-0

[Event "POL-ch blitz"]
[Site "Suwalki"]
[Date "2022.09.24"]
[Round "12"]
[White "Barglowski, Filip"]
[Black "Pietruszewski, Marcin"]
[Result "1-0"]
[WhiteElo "2321"]
[BlackElo "2244"]
[PlyCount "78"]
[EventDate "2022.09.24"]
[EventType "swiss (blitz)"]
[EventRounds "15"]
[EventCountry "POL"]
[SourceTitle "CBM 210 Extra"]
[Source "ChessBase"]
[SourceDate "2022.11.30"]
[SourceVersion "1"]
[SourceVersionDate "2022.11.30"]
[SourceQuality "1"]

1. e4 c5 2. Nf3 e6 3. d4 cxd4 4. Nxd4 Nc6 5. Nc3 Qc7 6. Be2 a6 7. Be3 Nf6 8. 0-0 d6 9. f4 Nxd4 10. Qxd4 Be7 11. f5 0-0 12. g4 Rd8 13. g5 Nd7 14. fxe6 fxe6 15. Bc4 Ne5 16. Bb3 Bd7 17. Rad1 Rf8 18. Kg2 b5 19. a4 Rab8 20. axb5 axb5 21. h4 Ng6 22. Bf2 b4 23. Ne2 Kh8 24. Bg3 Bc6 25. h5 e5 26. Qe3 Nf4+ 27. Nxf4 exf4 28. Bxf4 Ba8 29. h6 Qc5 30. hxg7+ Kxg7 31. Qxc5 dxc5 32. Bd5 Bxd5 33. exd5 Rb7 34. d6 Bd8 35. Be5+ Kg8 36. Rxf8+ Kxf8 37. d7 Kf7 38. Bf6 Bxf6 39. gxf6 Rb8 1-0

[Event "POL-ch blitz"]
[Site "Suwalki"]
[Date "2022.09.24"]
[Round "7"]
[White "Paprocki, Jaroslaw"]
[Black "Barglowski, Filip"]
[Result "0-1"]
[WhiteElo "2170"]
[BlackElo "2321"]
[PlyCount "66"]
[EventDate "2022.09.24"]
[EventType "swiss (blitz)"]
[EventRounds "15"]
[EventCountry "POL"]
[SourceTitle "CBM 210 Extra"]
[Source "ChessBase"]
[SourceDate "2022.11.30"]
[SourceVersion "1"]
[SourceVersionDate "2022.11.30"]
[SourceQuality "1"]

1. c4 e6 2. d4 d5 3. Nc3 c6 4. Nf3 dxc4 5. a4 Bb4 6. g3 b5 7. Bg2 Bb7 8. 0-0 Bxc3 9. bxc3 Nd7 10. Ng5 a6 11. Bf4 Ne7 12. Qc2 Nd5 13. Ne4 Nxf4 14. Nd6+ Ke7 15. Nxb7 Qc7 16. axb5 axb5 17. gxf4 Qxb7 18. f5 Nf6 19. e4 Rxa1 20. Rxa1 Ra8 21. Re1 b4 22. e5 Nd5 23. cxb4 Qxb4 24. Rb1 Qc3 25. Qxc3 Nxc3 26. Rb7+ Kf8 27. Bxc6 Ne2+ 28. Kg2 Nxd4 29. Be4 exf5 30. Bd5 Ra5 31. Rxf7+ Ke8 32. Bxc4 Rxe5 33. Rxg7 Re7 0-1

[Event "UT RGV-Kozminski Univ Online Battle"]
[Site "chess24.com INT"]
[Date "2020.06.13"]
[Round "8.2"]
[White "Barglowski, Filip"]
[Black "Belous, Vladimir"]
[Result "0-1"]
[WhiteElo "2321"]
[BlackElo "2524"]
[PlyCount "102"]
[EventDate "2020.06.13"]
[EventType "team-match (rapid)"]
[EventRounds "8"]
[EventCountry "USA"]
[SourceTitle "CBM 196 Extra"]
[Source "ChessBase"]
[SourceDate "2020.07.31"]
[SourceVersion "1"]
[SourceVersionDate "2020.07.31"]
[SourceQuality "1"]
[WhiteTeam "Kozminski Univ"]
[BlackTeam "Texas Rio Grande Valley Univ"]
[WhiteTeamCountry "POL"]
[BlackTeamCountry "USA"]

1. e4 c5 2. Nf3 Nc6 3. Bb5 d6 4. d4 cxd4 5. Qxd4 Bg4 6. Nc3 Bxf3 7. gxf3 Nf6 8. Bg5 Nd7 9. Qe3 h6 10. Bh4 a6 11. Bxc6 bxc6 12. 0-0-0 Qb6 13. Qxb6 Nxb6 14. f4 g6 15. f3 Bg7 16. Rd3 Rb8 17. b3 Nd7 18. Na4 g5 19. Rg1 c5 20. Bg3 Bd4 21. Rg2 gxf4 22. Bxf4 Ne5 23. Bxe5 Bxe5 24. Nc3 Kd7 25. Ne2 c4 26. bxc4 Rhc8 27. f4 Bb2+ 28. Kd2 Rxc4 29. Ng3 Rbc8 30. Kd1 Bc3 31. Rf2 Rb8 32. e5 Rb1+ 33. Ke2 Bd4 34. Rf1 Rxc2+ 35. Kf3 Rxf1+ 36. Nxf1 Bc5 37. Rd2 Rxd2 38. Nxd2 dxe5 39. fxe5 Kc6 40. Ke4 Kb5 41. Kd3 Kb4 42. Nc4 a5 43. h3 a4 44. Nd2 Ka3 45. Ne4 Bb6 46. Kc4 Bc7 47. e6 fxe6 48. Nc5 Bd6 49. Nxe6 Kxa2 50. Ng7 a3 51. Nf5 Kb1 0-1

[Event "UT RGV-Kozminski Univ Online Battle"]
[Site "chess24.com INT"]
[Date "2020.06.13"]
[Round "4.6"]
[White "Kambrath, Yannick"]
[Black "Barglowski, Filip"]
[Result "0-1"]
[WhiteElo "2375"]
[BlackElo "2321"]
[PlyCount "120"]
[EventDate "2020.06.13"]
[EventType "team-match (rapid)"]
[EventRounds "8"]
[EventCountry "USA"]
[SourceTitle "CBM 196 Extra"]
[Source "ChessBase"]
[SourceDate "2020.07.31"]
[SourceVersion "1"]
[SourceVersionDate "2020.07.31"]
[SourceQuality "1"]
[WhiteTeam "Texas Rio Grande Valley Univ"]
[BlackTeam "Kozminski Univ"]
[WhiteTeamCountry "USA"]
[BlackTeamCountry "POL"]

1. c4 e6 2. Nf3 d5 3. e3 Nf6 4. Nc3 c5 5. cxd5 Nxd5 6. d4 cxd4 7. exd4 Be7 8. Bd3 Nc6 9. 0-0 0-0 10. a3 Nxc3 11. bxc3 b6 12. Qe2 Bb7 13. Rd1 Na5 14. Bb2 Rc8 15. c4 Bf6 16. Ne5 g6 17. Rab1 Bxe5 18. Qxe5 Qc7 19. Qf6 Qd8 20. Qe5 Qc7 21. Qe3 Nxc4 22. Bxc4 Qxc4 23. d5 Bxd5 24. Bd4 f6 25. Rdc1 Qa6 26. h4 e5 27. Ba1 Qa4 28. Qh3 Rxc1+ 29. Rxc1 h5 30. Qg3 Qg4 31. Qxg4 hxg4 32. Rc7 Rf7 33. Rxf7 Kxf7 34. Kf1 Ke6 35. g3 Bf3 36. Ke1 Kf5 37. Bc3 Ke4 38. Bb4 Kd3 39. Be7 f5 40. Bd6 e4 41. Bb8 a6 42. Ba7 b5 43. Bc5 a5 44. Bd6 Kc3 45. Be5+ Kb3 46. Bd6 Kc2 47. Be7 Kc3 48. Bf6+ Kd3 49. Be7 e3 50. fxe3 Kxe3 51. Bc5+ Kd3 52. Bd6 Kc3 53. Be5+ Kb3 54. Bd6 f4 55. gxf4 g3 56. Kd2 g2 57. Bc5 b4 58. axb4 a4 59. Kc1 Be4 60. b5 a3 0-1

[Event "POL-chT 2nd League"]
[Site "Jastrzebia Gora"]
[Date "2018.09.02"]
[Round "2.3"]
[White "Goluch, Piotr"]
[Black "Barglowski, Filip"]
[Result "1/2-1/2"]
[WhiteElo "2299"]
[BlackElo "2311"]
[PlyCount "60"]
[EventDate "2018.09.01"]
[EventType "team-swiss"]
[EventRounds "9"]
[EventCountry "POL"]
[SourceTitle "CBM 186 Extra"]
[Source "ChessBase"]
[SourceDate "2018.08.24"]
[SourceVersion "1"]
[SourceVersionDate "2018.08.24"]
[SourceQuality "1"]
[WhiteTeam "Bogatynia UKS SP3"]
[BlackTeam "Chylice Laura"]
[WhiteTeamCountry "POL"]
[BlackTeamCountry "POL"]

1. d4 d5 2. c4 e6 3. Nf3 Nf6 4. e3 a6 5. b3 c5 6. Be2 cxd4 7. exd4 Bb4+ 8. Bd2 Bxd2+ 9. Qxd2 Ne4 10. Qe3 Qa5+ 11. Nfd2 Nxd2 12. Nxd2 dxc4 13. bxc4 0-0 14. 0-0 Rd8 15. Rfd1 Nd7 16. c5 Qc7 17. Ne4 b6 18. Bf3 Bb7 19. Rac1 Bxe4 20. Qxe4 Ra7 21. Qc6 g6 22. g3 Rc8 23. cxb6 Nxb6 24. Qxc7 Raxc7 25. Rxc7 Rxc7 26. Rb1 Nd5 27. Rb8+ Kg7 28. Bxd5 exd5 29. Rd8 Rc2 30. Rxd5 Rxa2 1/2-1/2

[Event "POL-chT Academic"]
[Site "Katowice"]
[Date "2018.02.03"]
[Round "4.2"]
[White "Barglowski, Filip"]
[Black "Brzeski, Maciej"]
[Result "1/2-1/2"]
[WhiteElo "2311"]
[BlackElo "2339"]
[PlyCount "64"]
[EventDate "2018.02.03"]
[EventType "team-swiss (rapid)"]
[EventRounds "9"]
[EventCountry "POL"]
[SourceTitle "CBM 182 Extra"]
[Source "ChessBase"]
[SourceDate "2018.02.23"]
[SourceVersion "1"]
[SourceVersionDate "2018.02.23"]
[SourceQuality "1"]
[WhiteTeam "Warszawa ALK"]
[BlackTeam "Krakow UJ"]
[WhiteTeamCountry "POL"]
[BlackTeamCountry "POL"]

1. e4 c5 2. Nf3 Nc6 3. Bb5 g6 4. 0-0 Bg7 5. c3 Nf6 6. Re1 0-0 7. h3 e5 8. d4 cxd4 9. cxd4 d5 10. exd5 Nxd4 11. Bc4 Nxd5 12. Nxe5 Nb4 13. Na3 Be6 14. Bd2 Nbc6 15. Nxc6 bxc6 16. Bc3 Re8 17. Bxe6 Nxe6 18. Bxg7 Kxg7 19. Rc1 c5 20. Nc4 Qg5 21. Qg4 Qxg4 22. hxg4 Red8 23. Red1 Kf6 24. Rxd8 Rxd8 25. f3 Nf4 26. Kf1 Rd4 27. g3 Nd3 28. Rc3 Nb4 29. Ne3 Rd2 30. Rxc5 Rxb2 31. Rb5 Nd3 32. Rxb2 Nxb2 1/2-1/2

[Event "POL-ch Academic"]
[Site "Katowice"]
[Date "2018.02.03"]
[Round "9"]
[White "Barglowski, Filip"]
[Black "Piotrowski, Przemyslaw"]
[Result "1/2-1/2"]
[WhiteElo "2311"]
[BlackElo "2320"]
[PlyCount "25"]
[EventDate "2018.02.02"]
[EventType "swiss (rapid)"]
[EventRounds "9"]
[EventCountry "POL"]
[SourceTitle "CBM 182 Extra"]
[Source "ChessBase"]
[SourceDate "2018.02.23"]
[SourceVersion "1"]
[SourceVersionDate "2018.02.23"]
[SourceQuality "1"]

1. e4 c5 2. Nf3 d6 3. Bb5+ Bd7 4. Bxd7+ Qxd7 5. 0-0 Nc6 6. c3 Nf6 7. Re1 e6 8. d4 cxd4 9. cxd4 d5 10. e5 Ne4 11. Nbd2 Nxd2 12. Bxd2 h6 13. Rc1 1/2-1/2

[Event "POL-chT 2nd League"]
[Site "Szklarska Poreba"]
[Date "2017.09.03"]
[Round "2.10"]
[White "Krzywda, Andrzej"]
[Black "Barglowski, Filip"]
[Result "0-1"]
[WhiteElo "2186"]
[BlackElo "2310"]
[PlyCount "60"]
[EventDate "2017.09.02"]
[EventType "team-swiss"]
[EventRounds "9"]
[EventCountry "POL"]
[SourceTitle "CBM 180 Extra"]
[Source "ChessBase"]
[SourceDate "2017.10.06"]
[SourceVersion "1"]
[SourceVersionDate "2017.10.06"]
[SourceQuality "1"]
[WhiteTeam "Chroscice Victoria"]
[BlackTeam "Chylice Laura"]
[WhiteTeamCountry "POL"]
[BlackTeamCountry "POL"]

1. e4 c5 2. Nf3 e6 3. d4 cxd4 4. Nxd4 Nf6 5. Nc3 Nc6 6. g3 Bb4 7. Bg2 d5 8. exd5 Nxd5 9. Nxc6 bxc6 10. Bd2 Ba6 11. Ne4 0-0 12. Bxb4 Nxb4 13. a3 Nd5 14. Qd2 Qb6 15. b4 Rfd8 16. Nc5 Bc4 17. Rb1 e5 18. Be4 Nf6 19. Bd3 e4 20. Qc3 Ba2 21. Ra1 exd3 22. Rxa2 d2+ 23. Kd1 a5 24. Rb2 axb4 25. Qxb4 Qxb4 26. Rxb4 Rxa3 27. Nb3 Ra7 28. c3 c5 29. Rc4 Ra2 30. Rxc5 Ne4 0-1

[Event "POL-chT 2nd League"]
[Site "Szczyrk"]
[Date "2014.09.06"]
[Round "1.61"]
[White "Barglowski, Filip"]
[Black "Skawinski, Arkadiusz"]
[Result "1/2-1/2"]
[WhiteElo "2303"]
[BlackElo "2300"]
[PlyCount "120"]
[EventDate "2014.09.06"]
[EventType "team-swiss"]
[EventRounds "9"]
[EventCountry "POL"]
[SourceTitle "EXT 2015"]
[Source "ChessBase"]
[SourceDate "2014.11.20"]
[SourceVersion "1"]
[SourceVersionDate "2014.11.20"]
[SourceQuality "1"]
[WhiteTeam "Chylice KS Laura"]
[BlackTeam "Gostynin Gostmat 83"]
[WhiteTeamCountry "POL"]
[BlackTeamCountry "POL"]

1. e4 e6 2. d4 d5 3. Nd2 Nc6 4. c3 e5 5. exd5 Qxd5 6. Ngf3 exd4 7. Bc4 Qh5 8. 0-0 Be6 9. Bxe6 fxe6 10. Nxd4 Qxd1 11. Rxd1 Nxd4 12. cxd4 Nf6 13. Nc4 Bd6 14. Bg5 Nd5 15. Re1 Kd7 16. Re4 Rhf8 17. Rae1 Rae8 18. a3 Rf5 19. Bh4 b5 20. Ne3 Rf4 21. Rxf4 Bxf4 22. Bg3 Bxg3 23. hxg3 Nxe3 24. Rxe3 Kd6 25. Re5 c6 26. f4 Rf8 27. Kf2 Rf5 28. Re1 c5 29. Ke3 cxd4+ 30. Kxd4 Rd5+ 31. Ke3 a5 32. b4 a4 33. g4 h6 34. Rh1 e5 35. g3 Ke6 36. Rc1 exf4+ 37. gxf4 Kf7 38. Rc7+ Kg6 39. Rc6+ Kh7 40. Rc5 Rd1 41. Ke4 Rg1 42. Rxb5 Rg3 43. Ra5 Rxa3 44. b5 Ra1 45. Kd5 a3 46. Kc6 a2 47. Kb6 Kg6 48. Ka6 Rf1 49. f5+ Kg5 50. Rxa2 Kxg4 51. b6 Rxf5 52. b7 Rf8 53. Rg2+ Kh3 54. Rxg7 h5 55. Rc7 Rb8 56. Ka7 Rxb7+ 57. Kxb7 h4 58. Kc6 Kg2 59. Kd5 h3 60. Ke4 h2 1/2-1/2

[Event "UKR-POL U26"]
[Site "Lvov"]
[Date "2013.09.26"]
[Round "2"]
[White "Barglowski, Filip"]
[Black "Makarov, V."]
[Result "1-0"]
[WhiteElo "2335"]
[BlackElo "2286"]
[PlyCount "73"]
[EventDate "2013.09.26"]
[EventType "team-swiss"]
[EventRounds "5"]
[EventCountry "UKR"]
[SourceTitle "CBM 156 Extra"]
[Source "ChessBase"]
[SourceDate "2013.10.22"]
[SourceVersion "1"]
[SourceVersionDate "2013.10.22"]
[SourceQuality "1"]
[WhiteTeam "Warsaw Kozminski Academy"]
[BlackTeam "Odessa Civil Engineering"]
[WhiteTeamCountry "POL"]
[BlackTeamCountry "UKR"]

1. e4 c6 2. d4 d5 3. exd5 cxd5 4. Bd3 Nc6 5. c3 Nf6 6. Bf4 a6 7. Nd2 Bg4 8. Ngf3 e6 9. 0-0 Bd6 10. Bxd6 Qxd6 11. Re1 0-0 12. a4 Qc7 13. Qb1 Bxf3 14. Nxf3 Rab8 15. Re3 g6 16. Qf1 Qb6 17. Re2 Rfc8 18. g3 Qc7 19. Ree1 Na5 20. Ne5 Nd7 21. f4 Nb6 22. h4 Nbc4 23. Re2 b5 24. axb5 axb5 25. h5 Qe7 26. Qh3 Nxe5 27. fxe5 Nb3 28. Rf1 Qg5 29. hxg6 hxg6 30. Rh2 Qh5 31. Bxg6 Qxh3 32. Bxf7+ Kg7 33. Rxh3 Nd2 34. Rf4 Rc6 35. Rhh4 Rf8 36. Rhg4+ Kh8 37. Rf2 1-0

[Event "UKR-POL U26"]
[Site "Lvov"]
[Date "2013.09.26"]
[Round "1"]
[White "Goganov, Ivan"]
[Black "Barglowski, Filip"]
[Result "0-1"]
[WhiteElo "1990"]
[BlackElo "2335"]
[PlyCount "64"]
[EventDate "2013.09.26"]
[EventType "team-swiss"]
[EventRounds "5"]
[EventCountry "UKR"]
[SourceTitle "CBM 156 Extra"]
[Source "ChessBase"]
[SourceDate "2013.10.22"]
[SourceVersion "1"]
[SourceVersionDate "2013.10.22"]
[SourceQuality "1"]
[WhiteTeam "Donetsk Univ"]
[BlackTeam "Warsaw Kozminski Academy"]
[WhiteTeamCountry "UKR"]
[BlackTeamCountry "POL"]

1. e4 e5 2. Nc3 Nf6 3. Bc4 Nc6 4. d3 Bb4 5. Bg5 h6 6. Bxf6 Bxc3+ 7. bxc3 Qxf6 8. Ne2 d6 9. 0-0 Be6 10. Bb3 0-0-0 11. f4 Qe7 12. d4 Bxb3 13. axb3 exd4 14. Nxd4 Qxe4 15. Nxc6 Qxc6 16. Rxa7 Qxc3 17. Ra8+ Kd7 18. Qg4+ Kc6 19. Ra4 b5 20. Raa1 Rhe8 21. Qf5 Qc5+ 22. Qxc5+ Kxc5 23. Rfe1 Re6 24. c3 Rde8 25. Rxe6 Rxe6 26. Kf2 b4 27. Rc1 bxc3 28. Rxc3+ Kb6 29. Rc4 c5 30. g3 d5 31. Ra4 Re7 32. Ra8 c4 0-1

[Event "POL-chT2"]
[Site "Poronin"]
[Date "2013.09.10"]
[Round "4.49"]
[White "Barglowski, Filip"]
[Black "Kalinin, Oleg"]
[Result "0-1"]
[WhiteElo "2335"]
[BlackElo "2328"]
[PlyCount "50"]
[EventDate "2013.09.06"]
[EventType "team-swiss"]
[EventRounds "9"]
[EventCountry "POL"]
[SourceTitle "EXT 2015"]
[Source "ChessBase"]
[SourceDate "2014.11.20"]
[SourceVersion "1"]
[SourceVersionDate "2014.11.20"]
[SourceQuality "1"]
[WhiteTeam "Chylice UKS Szachylice"]
[BlackTeam "Czerwionka Leszczyny Skoczek"]
[WhiteTeamCountry "POL"]
[BlackTeamCountry "POL"]

1. e4 c5 2. Nf3 e6 3. c3 d5 4. exd5 Qxd5 5. d4 Nf6 6. Na3 Qd8 7. Bg5 Nc6 8. dxc5 Bxc5 9. Qxd8+ Kxd8 10. Nc4 Be7 11. 0-0-0+ Ke8 12. Nce5 Nxe5 13. Nxe5 Nd5 14. Bb5+ Kf8 15. Bxe7+ Kxe7 16. Rhe1 Nc7 17. Bc4 f6 18. Nd3 Rd8 19. f4 b5 20. Bb3 a5 21. Nc5 Rxd1+ 22. Rxd1 Na6 23. Nxe6 Bxe6 24. Re1 Nc5 25. Bxe6 Nd3+ 0-1

[Event "Suwalki Pacstwowej Cup"]
[Site "Suwalki"]
[Date "2013.07.??"]
[Round "8.1"]
[White "Barglowski, Filip"]
[Black "Janik, Igor"]
[Result "1-0"]
[WhiteElo "2337"]
[BlackElo "1930"]
[PlyCount "87"]
[EventDate "2013.07.14"]
[EventType "swiss"]
[EventRounds "9"]
[EventCountry "POL"]
[SourceTitle "EXT 2023"]
[Source "ChessBase"]
[SourceDate "2022.10.05"]
[SourceVersion "1"]
[SourceVersionDate "2022.10.05"]
[SourceQuality "1"]

1. e4 c5 2. Nf3 d6 3. Bb5+ Nd7 4. d4 cxd4 5. Qxd4 a6 6. Bxd7+ Bxd7 7. Nc3 Nf6 8. Bg5 h6 9. Bxf6 gxf6 10. Nd5 Bg7 11. Nb6 Rb8 12. Nxd7 Qxd7 13. 0-0-0 Rg8 14. Qd3 Rc8 15. Kb1 b5 16. g3 Qc7 17. Nd4 e6 18. f4 Ke7 19. f5 Qc4 20. b3 Qxd3 21. Rxd3 Rc5 22. Kb2 Rgc8 23. c3 h5 24. Re1 Bh6 25. b4 Rc4 26. Nb3 R4c7 27. Na5 Kd7 28. Kb3 Re8 29. Rf1 Bg7 30. c4 bxc4+ 31. Nxc4 Rc6 32. a4 Rb8 33. a5 Rb5 34. Rf4 Bf8 35. fxe6+ Kxe6 36. Nb6 Bh6 37. Rf1 Re5 38. Nd5 Bg7 39. Rd4 Rc8 40. Rfd1 Bf8 41. b5 axb5 42. a6 Rd8 43. a7 Kd7 44. Ra1 1-0

[Event "Suwalki Pacstwowej Cup"]
[Site "Suwalki"]
[Date "2013.07.??"]
[Round "1.1"]
[White "Poplawski, Maciej"]
[Black "Barglowski, Filip"]
[Result "0-1"]
[WhiteElo "1593"]
[BlackElo "2337"]
[PlyCount "42"]
[EventDate "2013.07.14"]
[EventType "swiss"]
[EventRounds "9"]
[EventCountry "POL"]
[SourceTitle "EXT 2023"]
[Source "ChessBase"]
[SourceDate "2022.10.05"]
[SourceVersion "1"]
[SourceVersionDate "2022.10.05"]
[SourceQuality "1"]

1. d4 d5 2. Nc3 Nf6 3. Bg5 Bf5 4. f3 Nbd7 5. e3 h6 6. Bh4 g5 7. Bg3 Bg7 8. Nb5 0-0 9. Bd3 Bxd3 10. Qxd3 c5 11. Ne2 Qb6 12. b3 Rac8 13. a4 a6 14. Na3 Rfe8 15. 0-0 e5 16. Bf2 cxd4 17. exd4 e4 18. fxe4 Nxe4 19. Rad1 Ndf6 20. c4 Ng4 21. Be1 Qd6 0-1

[Event "Suwalki Pacstwowej Cup"]
[Site "Suwalki"]
[Date "2013.07.??"]
[Round "3.1"]
[White "Poswiatowski, Michal"]
[Black "Barglowski, Filip"]
[Result "1/2-1/2"]
[WhiteElo "2067"]
[BlackElo "2337"]
[PlyCount "81"]
[EventDate "2013.07.14"]
[EventType "swiss"]
[EventRounds "9"]
[EventCountry "POL"]
[SourceTitle "EXT 2023"]
[Source "ChessBase"]
[SourceDate "2022.10.05"]
[SourceVersion "1"]
[SourceVersionDate "2022.10.05"]
[SourceQuality "1"]

1. e4 Nf6 2. e5 Nd5 3. c4 Nb6 4. c5 Nd5 5. Nc3 e6 6. Qg4 Nc6 7. d4 f5 8. Qd1 Nxc3 9. bxc3 d6 10. cxd6 cxd6 11. exd6 Bxd6 12. Nh3 0-0 13. Be2 e5 14. Ng5 Qc7 15. Bc4+ Kh8 16. Nxh7 Nxd4 17. Nxf8 Qxc4 18. cxd4 Bxf8 19. dxe5 Be6 20. a3 Qe4+ 21. Qe2 Qxg2 22. Rf1 Rc8 23. f4 Qxe2+ 24. Kxe2 Bc4+ 25. Kf2 Bxf1 26. Kxf1 Rc2 27. Be3 b6 28. Rc1 Rxc1+ 29. Bxc1 Kg8 30. a4 Kf7 31. Ke2 Ke6 32. Kd3 Kd5 33. Be3 Be7 34. Bc1 a6 35. Kc3 b5 36. axb5 axb5 37. Kb3 Bc5 38. Bd2 g6 39. h3 Bf8 40. Be1 Be7 41. Bd2 1/2-1/2

[Event "Mazowiec-chT 1213"]
[Site "Poland"]
[Date "2013.02.24"]
[Round "9.1"]
[White "Barglowski, Filip"]
[Black "Czyz, Pawel"]
[Result "1-0"]
[WhiteElo "2333"]
[BlackElo "2039"]
[PlyCount "43"]
[EventDate "2013.01.13"]
[EventType "team-tourn"]
[EventRounds "10"]
[EventCountry "POL"]
[SourceTitle "EXT 2019"]
[Source "ChessBase"]
[SourceDate "2018.10.10"]
[SourceVersion "1"]
[SourceVersionDate "2018.10.10"]
[SourceQuality "1"]

1. e4 c6 2. d4 d5 3. Nd2 dxe4 4. Nxe4 Nd7 5. Bc4 e6 6. Nf3 Ngf6 7. Ng3 c5 8. 0-0 Be7 9. dxc5 Bxc5 10. Qe2 0-0 11. a3 Re8 12. b4 Bd6 13. Bb2 a5 14. Rfd1 Qe7 15. Qd2 Bc7 16. Bb5 Rd8 17. bxa5 Rxa5 18. a4 Nf8 19. Qc3 Bb6 20. Ne4 Rxd1+ 21. Rxd1 e5 22. Nxf6+ 1-0

[Event "Mazowiec-chT 1213"]
[Site "Poland"]
[Date "2013.02.17"]
[Round "8.15"]
[White "Barglowski, Filip"]
[Black "Dukaczewski, Piotr"]
[Result "1-0"]
[WhiteElo "2333"]
[BlackElo "2268"]
[PlyCount "81"]
[EventDate "2013.01.13"]
[EventType "team-tourn"]
[EventRounds "10"]
[EventCountry "POL"]
[SourceTitle "EXT 2019"]
[Source "ChessBase"]
[SourceDate "2018.10.10"]
[SourceVersion "1"]
[SourceVersionDate "2018.10.10"]
[SourceQuality "1"]

1. e4 e6 2. d4 d5 3. Nd2 dxe4 4. Nxe4 Nd7 5. Bd3 Ngf6 6. Qe2 Nxe4 7. Bxe4 Nf6 8. Bxb7 Bxb7 9. Qb5+ Nd7 10. Qxb7 Bd6 11. Nf3 0-0 12. 0-0 c5 13. Rd1 cxd4 14. Rxd4 Rb8 15. Qxa7 Bc5 16. Qxd7 Bxd4 17. Qxd4 Qxd4 18. Nxd4 Rfd8 19. c3 e5 20. Bg5 Rd7 21. Nb3 Ra7 22. Be3 Raa8 23. Nc5 Rxb2 24. a4 Rab8 25. g4 Rb1+ 26. Rxb1 Rxb1+ 27. Kg2 Ra1 28. Kf3 h5 29. Ke4 hxg4 30. Kxe5 Kf8 31. Kf4 Ke7 32. Kxg4 Kd6 33. a5 Kc6 34. a6 Rg1+ 35. Kf5 Kb6 36. Bd4 f6 37. Ke6 Rg2 38. h4 Rh2 39. Kf7 g5 40. Ne6+ Kxa6 41. hxg5 1-0

[Event "Suwalki op"]
[Site "Suwalki"]
[Date "2012.12.30"]
[Round "6"]
[White "Barglowski, Filip"]
[Black "Kveinys, Aloyzas"]
[Result "1/2-1/2"]
[WhiteElo "2334"]
[BlackElo "2526"]
[PlyCount "78"]
[EventDate "2012.12.27"]
[EventType "swiss"]
[EventRounds "7"]
[EventCountry "POL"]
[SourceTitle "CBM 152 Extra"]
[Source "ChessBase"]
[SourceDate "2013.02.25"]
[SourceVersion "1"]
[SourceVersionDate "2013.02.25"]
[SourceQuality "1"]

1. e4 c5 2. Nf3 e6 3. c3 Nf6 4. e5 Nd5 5. Bc4 d6 6. d4 cxd4 7. cxd4 Nc6 8. 0-0 Be7 9. Qe2 0-0 10. Re1 a6 11. Nc3 Nxc3 12. bxc3 dxe5 13. dxe5 b5 14. Bd3 Bb7 15. Bf4 Qc7 16. Ng5 Bxg5 17. Bxg5 Nxe5 18. Qxe5 Qxe5 19. Rxe5 f6 20. Rxe6 fxg5 21. Rb6 Bd5 22. a4 bxa4 23. Rxa4 a5 24. f3 Rf4 25. Be4 Bxe4 26. fxe4 h6 27. Rb1 Rc8 28. g3 Rf3 29. Rxa5 Rfxc3 30. Re1 Rc1 31. Rxc1 Rxc1+ 32. Kg2 Rc2+ 33. Kg1 Re2 34. Ra4 Kf7 35. h3 Kf6 36. Ra6+ Ke5 37. Rg6 Kxe4 38. h4 Kf3 39. hxg5 h5 1/2-1/2

[Event "Suwalki op"]
[Site "Suwalki"]
[Date "2012.12.29"]
[Round "5"]
[White "Barglowski, Filip"]
[Black "Sowul, Bartosz"]
[Result "1/2-1/2"]
[WhiteElo "2334"]
[BlackElo "2180"]
[PlyCount "45"]
[EventDate "2012.12.27"]
[EventType "swiss"]
[EventRounds "7"]
[EventCountry "POL"]
[SourceTitle "CBM 152 Extra"]
[Source "ChessBase"]
[SourceDate "2013.02.25"]
[SourceVersion "1"]
[SourceVersionDate "2013.02.25"]
[SourceQuality "1"]

1. e4 c5 2. Nf3 d6 3. d4 cxd4 4. Nxd4 Nf6 5. Nc3 g6 6. f4 Bg7 7. e5 Ng8 8. Bb5+ Bd7 9. exd6 a6 10. dxe7 Nxe7 11. Bxd7+ Qxd7 12. Be3 Nbc6 13. Nxc6 Qxc6 14. 0-0 Nf5 15. Bf2 0-0 16. Qd5 Qc7 17. g4 Rad8 18. Qc5 Qxf4 19. gxf5 Qg4+ 20. Kh1 Qf3+ 21. Kg1 Qg4+ 22. Kh1 Qf3+ 23. Kg1 1/2-1/2